000 00987nam a2200229Ii 4500
003 JO-AjNU
008 230605s9999||||xx |||||||||||||| ||und||
017 _a2020/6/1945
020 _a978-9923-25-304-5
040 _aJO-AjNU
_bara
_erda
_cJO-AjNU
041 _aara
050 1 4 _aPN4784 2021
100 3 _aالعامري، عمار طاهر، م. مشارك حوراء علي المندلاوي,
_eauthor
_963117
245 0 0 _aالتفاعلية في المواقع الالكترونية بين الانفتاح الإفتراضي وتغيير مفهوم الزمكانية الرقمية
250 _aط1
264 3 1 _aعمان: دار امجد للنشر والتوزيع، 2021
300 _a241ص
336 _atext
_btxt
_2rdacontent
337 _aunmediated
_bn
_2rdamedia
338 _avolume
_bnc
_2rdacarrier
650 4 _aالمواقع الالكترونية-الاذاعة-استطلاعات الرأي العام-وسائل الاتصال الجماهيري
_963118
999 _aA28613
_c32181
_d32181